Subdivisions - Regions of Metropolitan France by Flag - Statistics

General Stats
  • This quiz has been taken 43 times
  • The average score is 10 of 13
Answer Stats
Picture Answer % Correct
Brittany
100%
Grand Est
100%
Hauts-de-France
100%
Île-de-France
100%
Corsica
97%
Normandy
90%
Occitania
77%
Provence-Alpes-Côte d'Azur
68%
Auvergne-Rhône-Alpes
58%
Centre-Val de Loire
58%
Pays de la Loire
58%
Nouvelle-Aquitaine
55%
Bourgogne-Franche-Comté
48%
No matching quizzes found
Score Distribution
Percent of People with Each Score
Percentile by Number Answered
Your Score History
You have not taken this quiz